000 00756nam a22001695i 4500
001 156268
003 ES-MaACL
005 20250824063049.0
008 980602s1891 sp |||| | spa d
040 _aAR
_bspa
_cAR
100 1 _aJardiel, Florencio,
_d1844-1931
_966111
245 1 0 _aSermón predicado en el Santo Templo Metropolitano de Nuestra Señora del Pilar por el Doctor Florencio Jardiel, con motivo de la solemne inauguración del segundo Congreso Católico Nacional el día 5 de octubre de 1890.
260 _aZaragoza :
_b[s.n.],
_c1891 (
_fTip. de Mariano Salas)
300 _a15 p. ;
_c25 cm.
852 _aES-MaACL
_jT-545-F-7
_z-- Enc. hol., conservando la enc. editorial
_z-- Enc. en un vol. facticio
999 _c156268
_d156268